000 00914nam a2200253Ia 4500
003 OSt
005 20220930192637.0
006 a|||||r|||| 00| 0
007 ta
008 220926b |||||||| |||| 00| 0 eng d
024 _a10442
037 _cDissertations
040 _aCRL
_cCRL
_beng
041 _2eng
_aeng
100 _aMurthy P Gopala Krishna
_9561440
110 _aUniversity of Delhi. Faculty of Medical Sciences. Department of Cardiology
_9522745
245 0 _aClinical and stress electrocardiographic evaluation and diagnostic atrial pacing in patients with angina pectoris
260 _c1972
650 _aCARDIOVASCULAR SYSTEM
_9522746
700 _a Dr G D Gupta Supervisor
_9525694
700 _aUniversity of Delhi. Faculty of Medical Sciences. Department of Cardiology
_9522748
942 _cDIS
_2CC
999 _c895440
_d895440